[Event "SVK-ch U12"]
[Site "Brezova pod Bradlom"]
[Date "2006.03.07"]
[Round "4"]
[White "Arendas, Nikolas"]
[Black "Borak, Adrian"]
[Result "1/2-1/2"]
[WhiteElo "1538"]
[BlackElo "1414"]
[PlyCount "87"]
[EventDate "2006.03.05"]
[EventType "swiss"]
[EventRounds "9"]
[EventCountry "SVK"]
[SourceTitle "EXT 2008"]
[Source "ChessBase"]
[SourceDate "2007.11.25"]
[SourceVersion "1"]
[SourceVersionDate "2007.11.25"]
[SourceQuality "1"]

1. e4 e5 2. d4 exd4 3. Nf3 Nc6 4. Bc4 Bc5 5. c3 dxc3 6. Bxf7+ Kf8 7. Nxc3 Qf6 8. Bxg8 Rxg8 9. 0-0 Qd6 10. Qc2 Nd4 11. Nxd4 Bxd4 12. Rd1 Qf6 13. Nd5 Qc6 14. Qxc6 dxc6 15. Nxc7 Bf6 16. Nxa8 Be5 17. Be3 b6 18. Rab1 c5 19. f4 Bb8 20. e5 Kf7 21. Rd2 Re8 22. Rbd1 Bb7 23. Rd7+ Re7 24. Rxe7+ Kxe7 25. Nxb6 axb6 26. Kf2 Ke6 27. g4 g6 28. Kg3 Bc7 29. Rf1 Be4 30. a3 Bd3 31. Rf2 Be4 32. h4 h6 33. h5 g5 34. f5+ Kxe5 35. f6 Ke6+ 36. Kh3 Kf7 37. b4 cxb4 38. axb4 b5 39. Bd4 Bd5 40. Rc2 Bd6 41. Bc3 Bc4 42. Rd2 Bf1+ 43. Rg2 Kf8 44. Bb2 1/2-1/2